<?xml version="1.0" encoding="UTF-8"?>
<record
    xmlns:xsi="http://www.w3.org/2001/XMLSchema-instance"
    xsi:schemaLocation="http://www.loc.gov/MARC21/slim http://www.loc.gov/standards/marcxml/schema/MARC21slim.xsd"
    xmlns="http://www.loc.gov/MARC21/slim">

  <leader>02893nam a22003017a 4500</leader>
  <controlfield tag="001">9043</controlfield>
  <controlfield tag="003">FISKH</controlfield>
  <controlfield tag="005">20251117140816.0</controlfield>
  <controlfield tag="008">251117b        cb ||||| |||| 00| 0 eng d</controlfield>
  <datafield tag="020" ind1=" " ind2=" ">
    <subfield code="a">9789996301377</subfield>
  </datafield>
  <datafield tag="040" ind1=" " ind2=" ">
    <subfield code="a">FISKH</subfield>
    <subfield code="b">khr</subfield>
    <subfield code="c">FISKH</subfield>
    <subfield code="d">FISKH</subfield>
  </datafield>
  <datafield tag="082" ind1=" " ind2=" ">
    <subfield code="a">833.912</subfield>
  </datafield>
  <datafield tag="100" ind1=" " ind2=" ">
    <subfield code="a">Sotheary, Kimsun</subfield>
  </datafield>
  <datafield tag="245" ind1=" " ind2=" ">
    <subfield code="a">&#x1780;&#x17BB;&#x1798;&#x17B6;&#x179A;&#x17B8; &#x17A0;&#x17B8;&#x178C;&#x17B8; : </subfield>
    <subfield code="b">Heidi girl / </subfield>
    <subfield code="c">&#x179A;&#x17C0;&#x1794;&#x179A;&#x17C0;&#x1784;&#x178A;&#x17C4;&#x1799; &#x17A2;&#x17D2;&#x1793;&#x1780;&#x179F;&#x17D2;&#x179A;&#x17B8; &#x1782;&#x17B9;&#x1798;&#x179F;&#x17CA;&#x17BB;&#x1793; &#x179F;&#x17BB;&#x1792;&#x17B6;&#x179A;&#x17B8; </subfield>
  </datafield>
  <datafield tag="260" ind1=" " ind2=" ">
    <subfield code="a">&#x1797;&#x17D2;&#x1793;&#x17C6;&#x1796;&#x17C1;&#x1789; :</subfield>
    <subfield code="b">Reading Books , </subfield>
    <subfield code="c">2011.</subfield>
  </datafield>
  <datafield tag="300" ind1=" " ind2=" ">
    <subfield code="a">28 pages :</subfield>
    <subfield code="b">color illustrations ; </subfield>
    <subfield code="c">25 cm . </subfield>
  </datafield>
  <datafield tag="490" ind1=" " ind2=" ">
    <subfield code="a">&#x1796;&#x17B7;&#x1797;&#x1796;&#x179A;&#x17BF;&#x1784;&#x1793;&#x17B7;&#x1791;&#x17B6;&#x1793;</subfield>
  </datafield>
  <datafield tag="505" ind1=" " ind2=" ">
    <subfield code="a">K 
</subfield>
  </datafield>
  <datafield tag="520" ind1=" " ind2=" ">
    <subfield code="a">&#x17A0;&#x17B8;&#x178C;&#x17B8; &#x1787;&#x17B6;&#x1780;&#x17D2;&#x1798;&#x17C1;&#x1784;&#x1780;&#x17C6;&#x1796;&#x17D2;&#x179A;&#x17B6; &#x1793;&#x17B6;&#x1784;&#x1798;&#x17B6;&#x1793;&#x17A2;&#x17B6;&#x1799;&#x17BB;&#x1794;&#x17D2;&#x179A;&#x17B6;&#x17C6;&#x1786;&#x17D2;&#x1793;&#x17B6;&#x17C6; &#x17D4;&#x200B; &#x1780;&#x17D2;&#x179A;&#x17C4;&#x1799;&#x1798;&#x1780;&#x1780;&#x17CF;&#x1798;&#x17B6;&#x1793;&#x179B;&#x17C4;&#x1780;&#x178F;&#x17B6;&#x1799;&#x1798;&#x17D2;&#x1793;&#x17B6;&#x1780;&#x17CB;&#x1799;&#x1780;&#x1793;&#x17B6;&#x1784;&#x1791;&#x17C5;&#x1785;&#x17B7;&#x1789;&#x17D2;&#x1785;&#x17B9;&#x1798;&#x200B; &#x17D4; &#x1790;&#x17D2;&#x1784;&#x17C3;&#x1798;&#x17BD;&#x1799;&#x1796;&#x17C1;&#x179B;&#x1793;&#x17B6;&#x1784;&#x1797;&#x17D2;&#x1789;&#x17B6;&#x1780;&#x17CB;&#x1796;&#x17B8;&#x1782;&#x17C1;&#x1784;&#x1780;&#x17CF;&#x1783;&#x17BE;&#x1789; &#x1796;&#x17D2;&#x1799;&#x17C2; &#x1787;&#x17B6;&#x17A2;&#x17D2;&#x1793;&#x1780;&#x1782;&#x1784;&#x17D2;&#x179C;&#x17B6;&#x179B;&#x1796;&#x1796;&#x17C2; &#x179B;&#x17C4;&#x1780;&#x178F;&#x17B6;&#x1780;&#x17CF;&#x17A2;&#x17C4;&#x1799;&#x1793;&#x17B6;&#x1784;&#x1791;&#x17C5;&#x1783;&#x17D2;&#x179C;&#x17B6;&#x179B;&#x1796;&#x1796;&#x17C2;&#x1787;&#x17B6;&#x1798;&#x17BD;&#x1799; &#x1796;&#x17D2;&#x1799;&#x17C2; &#x17D4; &#x1790;&#x17D2;&#x1784;&#x17C3;&#x1798;&#x17BD;&#x1799;&#x1793;&#x17B6;&#x1784;&#x1780;&#x17CF;&#x1794;&#x17B6;&#x1793;&#x1795;&#x17D2;&#x179B;&#x17B6;&#x179F;&#x17CB;&#x1791;&#x17C5;&#x1793;&#x17C5;&#x1791;&#x17B8;&#x1780;&#x17D2;&#x179A;&#x17BB;&#x1784;&#x178A;&#x17BE;&#x1798;&#x17D2;&#x1794;&#x17B8;&#x1792;&#x17D2;&#x179C;&#x17BE;&#x1787;&#x17B6;&#x1798;&#x17B7;&#x178F;&#x17D2;&#x179A;&#x1780;&#x17BB;&#x1798;&#x17B6;&#x179A;&#x17B8;&#x1796;&#x17B7;&#x1780;&#x17B6;&#x179A;&#x1787;&#x17BE;&#x1784;&#x1798;&#x17D2;&#x1793;&#x17B6;&#x1780;&#x17CB;&#x1788;&#x17D2;&#x1798;&#x17C4;&#x17C7;&#x1782;&#x17D2;&#x179B;&#x17C2;  &#x17A0;&#x17BE;&#x1799;&#x1793;&#x17B6;&#x1784;&#x1780;&#x17CF;&#x1794;&#x17B6;&#x1793;&#x1785;&#x17BC;&#x179B;&#x179A;&#x17C0;&#x1793;&#x1795;&#x1784;&#x178A;&#x17C2;&#x179A; &#x17D4;&#x200B; &#x178A;&#x17C4;&#x1799;&#x179F;&#x17B6;&#x179A;&#x1780;&#x17B6;&#x179A;&#x1793;&#x17B9;&#x1780;&#x179A;&#x179B;&#x17B9;&#x1780;&#x179A;&#x1794;&#x179F;&#x17CB;&#x17A0;&#x17B8;&#x178C;&#x17B8;&#x1798;&#x1780;&#x1780;&#x17B6;&#x1793;&#x17CB;&#x179B;&#x17C4;&#x1780;&#x178F;&#x17B6;&#x200B; &#x17AA;&#x1796;&#x17BB;&#x1780;&#x179A;&#x1794;&#x179F;&#x17CB;&#x1782;&#x17D2;&#x179B;&#x17C2;&#x1780;&#x17CF;&#x1793;&#x17B6;&#x17C6;&#x17A0;&#x17B8;&#x178C;&#x17B8;&#x1798;&#x1780;&#x1793;&#x17C5;&#x1787;&#x17B6;&#x1798;&#x17BD;&#x1799;&#x179B;&#x17C4;&#x1780;&#x178F;&#x17B6;&#x200B;&#x179C;&#x17B7;&#x1789; &#x17D4;&#x200B; &#x1794;&#x17C9;&#x17BB;&#x1793;&#x17D2;&#x1798;&#x17B6;&#x1793;&#x1781;&#x17C2;&#x1780;&#x17D2;&#x179A;&#x17C4;&#x1799;&#x1798;&#x1780;&#x1782;&#x17D2;&#x179B;&#x17C2;&#x1780;&#x17CF;&#x1798;&#x17B6;&#x1793;&#x179F;&#x17BB;&#x1781;&#x1797;&#x17B6;&#x1796;&#x179B;&#x17D2;&#x17A2;&#x17A2;&#x17B6;&#x1785;&#x178A;&#x17BE;&#x179A;&#x1794;&#x17B6;&#x1793; &#x17A0;&#x17BE;&#x1799;&#x1793;&#x17B6;&#x1784;&#x1780;&#x17CF;&#x1794;&#x17B6;&#x1793;&#x1798;&#x1780;&#x179A;&#x179F;&#x17CB;&#x1793;&#x17C5;&#x1787;&#x17B6;&#x1798;&#x17BD;&#x1799;&#x17A0;&#x17B8;&#x178C;&#x17B8;&#x1793;&#x17B7;&#x1784;&#x1796;&#x17D2;&#x1799;&#x17C2;&#x1799;&#x17C9;&#x17B6;&#x1784;&#x179F;&#x1794;&#x17D2;&#x1794;&#x17B6;&#x1799;&#x179A;&#x17B8;&#x1780;&#x179A;&#x17B6;&#x1799; &#x17D4; </subfield>
  </datafield>
  <datafield tag="520" ind1=" " ind2=" ">
    <subfield code="a">Heidi is an orphan girl who is five years old. Later, an old grandfather takes her in and raises her. One day, when she wakes up, she meets Pierre, a goat herder, and her grandfather lets her go herd the goats with him. One day, she moves to the city to become a companion to a disabled girl named Clara, and she also begins attending school. Because Heidi misses her grandfather very much, Clara&#x2019;s father brings Heidi back to live with him again. A few months later, Clara becomes healthy and is able to walk, and she comes to live happily with Heidi and Pierre . </subfield>
  </datafield>
  <datafield tag="521" ind1="8" ind2=" ">
    <subfield code="a">520 
</subfield>
    <subfield code="b">Lexile estimate 
</subfield>
  </datafield>
  <datafield tag="521" ind1="8" ind2=" ">
    <subfield code="a">K 
</subfield>
    <subfield code="b">Raz-Plus 
</subfield>
  </datafield>
  <datafield tag="650" ind1=" " ind2=" ">
    <subfield code="a">&#x1780;&#x17BB;&#x1798;&#x17B6;&#x179A;&#x17B8;&#x17A0;&#x17B8;&#x178C;&#x17B8; </subfield>
    <subfield code="v">&#x179A;&#x17BF;&#x1784;&#x1793;&#x17B7;&#x1791;&#x17B6;&#x1793;&#x1780;&#x17BB;&#x1798;&#x17B6;&#x179A;</subfield>
  </datafield>
  <datafield tag="650" ind1=" " ind2=" ">
    <subfield code="a">Heidi girl </subfield>
    <subfield code="v">Children's Stories </subfield>
  </datafield>
  <datafield tag="700" ind1=" " ind2=" ">
    <subfield code="a">Sothear, In</subfield>
    <subfield code="e">Illustrator </subfield>
  </datafield>
  <datafield tag="942" ind1=" " ind2=" ">
    <subfield code="2">ddc</subfield>
    <subfield code="c">KHB</subfield>
    <subfield code="n">0</subfield>
  </datafield>
  <datafield tag="999" ind1=" " ind2=" ">
    <subfield code="c">9043</subfield>
    <subfield code="d">9043</subfield>
  </datafield>
  <datafield tag="952" ind1=" " ind2=" ">
    <subfield code="0">0</subfield>
    <subfield code="1">0</subfield>
    <subfield code="2">ddc</subfield>
    <subfield code="4">0</subfield>
    <subfield code="7">0</subfield>
    <subfield code="8">Khmer-English Bilingual </subfield>
    <subfield code="a">002</subfield>
    <subfield code="b">002</subfield>
    <subfield code="c">TTP Khmer</subfield>
    <subfield code="d">2025-11-17</subfield>
    <subfield code="l">0</subfield>
    <subfield code="o">SOT 833.912</subfield>
    <subfield code="p">FISBK03725</subfield>
    <subfield code="r">2025-11-17 14:08:12</subfield>
    <subfield code="w">2025-11-17</subfield>
    <subfield code="y">KHB</subfield>
  </datafield>
</record>
